000
00309nam a22001337a 4500
008
170925b xxu||||| |||| 00| 0 eng d
020
_a
9780321317414
041
_a
eng
080
_2
6 ED
_a
37
100
_a
46
101
_a
EDU
245
_a
CONVERSATION READINGS FOR WRTING
_c
SELZER.J
942
_2
udc
_c
BK
999
_c
29518
_d
29518